Guidebook to academic writing : (Record no. 2658)

MARC details
000 -LEADER
fixed length control field 02421cam a22003498i 4500
001 - CONTROL NUMBER
control field 23550315
003 - CONTROL NUMBER IDENTIFIER
control field OSt
005 - DATE AND TIME OF LATEST TRANSACTION
control field 20260512144338.0
008 - FIXED-LENGTH DATA ELEMENTS--GENERAL INFORMATION
fixed length control field 240203s2024 enk bf 001 0 eng
010 ## - LIBRARY OF CONGRESS CONTROL NUMBER
LC control number 2023055469
020 ## - INTERNATIONAL STANDARD BOOK NUMBER
International Standard Book Number 9781032484709
Qualifying information (paperback)
040 ## - CATALOGING SOURCE
Original cataloging agency DLC
Language of cataloging eng
Description conventions rda
Transcribing agency DLC
Modifying agency MILA_ain
042 ## - AUTHENTICATION CODE
Authentication code pcc
050 00 - LIBRARY OF CONGRESS CALL NUMBER
Classification number P301.5.A27
Item number P37 2024
100 1# - MAIN ENTRY--PERSONAL NAME
Personal name Paraskevas, Cornelia C.,
Relator term author.
245 10 - TITLE STATEMENT
Title Guidebook to academic writing :
Remainder of title communicating in the disciplines /
Statement of responsibility, etc. Cornelia C. Paraskevas and Deborah F. Rossen-Knill.
263 ## - PROJECTED PUBLICATION DATE
Projected publication date 2405
264 #1 - PRODUCTION, PUBLICATION, DISTRIBUTION, MANUFACTURE, AND COPYRIGHT NOTICE
Place of production, publication, distribution, manufacture Abingdon, Oxon ;
-- New York, NY :
Name of producer, publisher, distributor, manufacturer Routledge,
Date of production, publication, distribution, manufacture, or copyright notice 2024.
300 ## - PHYSICAL DESCRIPTION
Extent volumes cm
336 ## - CONTENT TYPE
Content type term text
Content type code txt
Source rdacontent
337 ## - MEDIA TYPE
Media type term unmediated
Media type code n
Source rdamedia
338 ## - CARRIER TYPE
Carrier type term volume
Carrier type code nc
Source rdacarrier
504 ## - BIBLIOGRAPHY, ETC. NOTE
Bibliography, etc. note Includes bibliographical references and index.
505 0# - FORMATTED CONTENTS NOTE
Formatted contents note Why and how you might want to use this handbook? -- The evolving handbook : what Is the purpose of a handbook? -- What is academic English? -- What words are typical in academic writing? -- How and why do we create longer sentences? -- How do we achieve economy? What makes academic language particularly hard? -- How and why do we add detail to nouns and verbs using words and phrases? -- How and why do we guide readers with punctuation? -- How and why do we create effective paragraphs? -- How and why do writers express their point of view, guide readers and interact with them? -- Why and how do we document our research?
520 ## - SUMMARY, ETC.
Summary, etc. "This innovative guidebook is an accessible and concise introduction to discipline-specific academic language. Using authentic texts written by both novice and expert writers and 'translating' current, corpus-based research of academic language into a practical guide, the book gives students the tools to navigate the linguistic features of various disciplines, emphasizing the humanities and sciences, but also discussing example texts from the social sciences"--
Assigning source Provided by publisher.
650 #0 - SUBJECT ADDED ENTRY--TOPICAL TERM
Topical term or geographic name entry element Academic writing
Form subdivision Handbooks, manuals, etc.
650 #0 - SUBJECT ADDED ENTRY--TOPICAL TERM
Topical term or geographic name entry element English language
General subdivision Style
Form subdivision Handbooks, manuals, etc.
700 1# - ADDED ENTRY--PERSONAL NAME
Personal name Rossen-Knill, Deborah F.,
Relator term author.
776 08 - ADDITIONAL PHYSICAL FORM ENTRY
Relationship information Online version:
Main entry heading Paraskevas, Cornelia C.
Title Guidebook to academic writing
Place, publisher, and date of publication London ; New York, NY : Routledge, Taylor & Francis Group, 2024
International Standard Book Number 9781003389248
Record control number (DLC) 2023055470
906 ## - LOCAL DATA ELEMENT F, LDF (RLIN)
a 7
b cbc
c orignew
d 1
e ecip
f 20
g y-gencatlg
942 ## - ADDED ENTRY ELEMENTS (KOHA)
Source of classification or shelving scheme Library of Congress Classification
Koha item type Book
Holdings
Withdrawn status Lost status Source of classification or shelving scheme Damaged status Not for loan Home library Current library Shelving location Date acquired Source of acquisition Cost, normal purchase price Total Checkouts Full call number Barcode Date last seen Cost, replacement price Price effective from Koha item type
    Library of Congress Classification     MILA University Central Library MILA University Central Library General Stacks 12/05/2026 Emo Book Services Sdn Bhd 172.40   P301.5.A27 P37 2024 0003619 12/05/2026 172.40 12/05/2026 Book
   
  Powered by CD Solutions Sdn Bhd